Current Monarchs of the World - Statistics

General Stats
  • This quiz has been taken 85 times
  • The average score is 9 of 15
Answer Stats
Monarch Country % Correct
Emperor Akihito Japan
98%
King Felipe VI Spain
97%
King Willem-Alexander Netherlands
85%
Queen Margrethe II Denmark
83%
King Philippe Belgium
76%
King Bhumibol Adulyadej Thailand
68%
King Mswati III Swaziland
59%
King Tupou VI Tonga
58%
King Abdullah II Jordan
55%
Emir Sabah al-Ahmad Kuwait
55%
King Mohammed VI Morocco
50%
François Hollande Andorra
47%
King Jigme Khesar Namgyel Bhutan
45%
O le Ao o le Malo Tufuga Efi Samoa
20%
King Abdul Halim Malaysia
15%
No matching quizzes found
Score Distribution
Percent of People with Each Score
Percentile by Number Answered
Your Score History
You have not taken this quiz